000 009140000a22001330004500
773 0 _tNoticia
100 1 _aZuñiga, Dorcas
245 1 0 _aDe los Agroquímicos y enfermedades sistémicas relacionadas: paraquat, un problema de salud pública y epidemiología humana.
300 _aVol.5, no.7 (nov., 2009), p. 25-27
500 _aUbicación: varios
520 _aAgroqímico es el nombre genérico que recibe cualquier sustancia usada en agricultura como los organofosforados, carbamatos y piretroides; usadas con el objetivo de aumentar la producción de las tierras para obtener una buena ganancia debido al incremento en la producción y rendimiento en los cultivos a la hora de la cosecha. pero el afán de obtener buenos resultados, se olvida que el manejo inadecuado de éstas sustancias tóxicas es un factor de riesgo que puede causar efectos nocivos en la salud.
650 1 4 _aAGRICULTURA
942 _cANA
999 _c63039
_d63039